Hazardné hry povolené

Bibliographic Details
Main Author: Kuníková, Eva (Author)
Format: Article
Language:Slovak
PhysicalDescription:Fotogr.
ISSN:1338-0338
Subjects:
Online Access:www.dobraskola. com

MARC

LEADER 00000nab a2200000 ar4500
001 vtls010575413
003 SK-MaSNL
005 20260304013331.0
008 140210c2013 xo qr|p||| |000 b|slo
015 |a SNBRB2014/02 
038 |a SPK 
040 |a SPKCL  |b slo  |c AACR2  |e AACR2 
041 0 |a slo 
044 |a xo  |c SK 
072 7 |a 37.016  |x Učebné osnovy. Vyučovacie predmety. Učebnice  |2 konspekt 
072 7 |a 51  |x Matematika  |2 konspekt 
072 7 |a 373.2/.3  |x Predškolská a primárna výchova a vzdelávanie  |2 konspekt 
080 |a 37.016:51  |2 2001 
080 |a 51  |2 2001 
080 |a 371.382  |2 2001 
080 |a 373.3  |2 2001 
100 1 |a Kuníková, Eva  |4 aut  |9 1294211 
245 1 0 |a Hazardné hry povolené  |c Eva Kuníková 
300 |b Fotogr. 
650 0 7 |a vyučovanie  |2 snkbucl  |9 1522 
650 0 7 |a matematika  |2 snkbucl  |9 70174 
650 0 7 |a kombinatorika  |2 snkbucl  |9 3790 
650 0 7 |a teória pravdepodobnosti  |2 snkbucl  |9 104068 
650 0 7 |a hra  |2 snkbucl  |9 19620 
650 0 7 |a základné školy  |2 snkbucl  |9 1280 
773 0 |t Dobrá škola  |g Roč. V, č. 4 (2013), s. 19  |x 1338-0338 
852 |a SPK  |b KIS3GCP 
856 4 1 |u www.dobraskola. com 
999 |c 2575343  |d 2577273